00798cam a2200253 a 45000010008000000030006000080050017000140080041000310100017000720400025000890430021001140500023001350820020001581000026001782450074002042500018002782600056002963000044003525000022003966300038004186300038004566500021004947100029005154791284GBCCL20241126110528.0870407s1986 caua 001 0 eng  a 87129872  aDLCcDLCdDLCdOCoLC ae-uk---an-us---00aBS649.G7bA83 198600a220.15219bARM1 aArmstrong, Herbert W.14aThe United States and Britain in prophecy /c by Herbert W. Armstrong a8th ed., rev. aPasadena, Calif. :bWorldwide Church of God,c1986. ax, 196 p. :bill. (some col.) ;c21 cm. aIncludes indexes.00aBiblexProphecieszGreat Britain.00aBiblexProphecieszUnited States. 0aAnglo-Israelism.2 aWorldwide Church of God.